|
|
|
|
| LEADER |
00000nam0a2200000 4500 |
| 001 |
356510 |
| 005 |
20231102010912.0 |
| 035 |
|
|
|a (RuTPU)RU\TPU\retro\13770
|
| 090 |
|
|
|a 356510
|
| 100 |
|
|
|a 20200721d1967 k y0rusy50 ca
|
| 101 |
0 |
|
|a rus
|
| 102 |
|
|
|a RU
|
| 105 |
|
|
|a a z 001zy
|
| 200 |
1 |
|
|a О комплексном использовании торфяных и минеральных удобрений
|e отдельный оттиск
|f Г. Н. Блинков [и др.]
|
| 210 |
|
|
|a Томск
|c Изд-во Томского государственного университета
|d 1967
|
| 215 |
|
|
|a С. 80-88
|c ил.
|
| 225 |
1 |
|
|a Ученые записки Томского государственного педагогического института
|v № 23
|
| 300 |
|
|
|a Работа удостоена областной премии в области науки и техники 1967 г.
|
| 320 |
|
|
|a Библиогр.: с. 88
|
| 606 |
1 |
|
|a Торфяные удобрения
|x Сельское хозяйство
|2 stltpush
|3 (RuTPU)RU\TPU\subj\61114
|9 78322
|
| 606 |
1 |
|
|a Минеральные удобрения (с.х.)
|2 stltpush
|3 (RuTPU)RU\TPU\subj\44064
|9 63445
|
| 610 |
1 |
|
|a болота
|
| 610 |
1 |
|
|a торфяники
|
| 610 |
1 |
|
|a Томский район
|
| 610 |
1 |
|
|a органические удобрения
|
| 610 |
1 |
|
|a химический состав
|
| 610 |
1 |
|
|a азот
|
| 610 |
1 |
|
|a фосфор
|
| 610 |
1 |
|
|a зола
|
| 610 |
1 |
|
|a навоз
|
| 610 |
1 |
|
|a компосты
|
| 610 |
1 |
|
|a азотобактерин
|
| 610 |
1 |
|
|a картофель
|
| 610 |
1 |
|
|a кукуруза
|
| 610 |
1 |
|
|a урожайность
|
| 610 |
1 |
|
|a коллекция ТПУ
|
| 610 |
1 |
|
|a оттиски
|
| 675 |
|
|
|a 631.8
|v 4
|
| 701 |
|
1 |
|a Блинков
|b Г. Н.
|
| 701 |
|
1 |
|a Боровкова
|b А. Ф.
|
| 701 |
|
1 |
|a Козлов
|b В. С.
|
| 701 |
|
1 |
|a Желнова
|b Г. С.
|
| 801 |
|
1 |
|a RU
|b 63413507
|c 20200721
|
| 801 |
|
2 |
|a RU
|b 63413507
|c 20200724
|g RCR
|
| 942 |
|
|
|c BK
|